Bez plebiscitu sa ťažiť nebude

Problematika schválenej zmeny geologického zákona o ťažbe surovín na Slovensku. Nespokojní aktivisti a ochrancovia prírody. Dopady na životné prostredie.

Gespeichert in:
Bibliographische Detailangaben
1. Verfasser: Krátka, Dagmar
Format: Buchkapitel
Sprache:Slowakisch
Schlagworte:
Tags: Tag hinzufügen
Keine Tags, Fügen Sie das erste Tag hinzu!

MARC

LEADER 00000naa a2200000 4500
001 0190505
005 20231005103717.8
041 0 |a slo 
044 |a SK 
245 1 0 |a Bez plebiscitu sa ťažiť nebude  |c Dagmar Krátka 
520 |a Problematika schválenej zmeny geologického zákona o ťažbe surovín na Slovensku. Nespokojní aktivisti a ochrancovia prírody. Dopady na životné prostredie. 
610 2 0 |a Slovensko 
610 2 0 |a ťažba surovín 
610 2 0 |a environmentalistika 
610 2 0 |a bezpečnosť environmentálna 
610 2 0 |a ochrana prostredia životného 
610 2 0 |a politika ekologická 
100 1 |a Krátka, Dagmar